=LDR 00000nam 2200000 4500 =001 INLIS000000000015307 =005 20130612110603 =008 ***********************************Ind** =035 ##$$0010-061300000015307 =041 ##$$a Ind =082 ##$$a 636.085.51 =090 ##$$a 636.085.51, HIJ-h =245 ##$$a Hidangan Makanan Ternak Potong, Kerja dan Perah, AAK =260 ##$$a 1996 $b Yogyakarta =300 ##$$a 82 hlm, Ilus, 21 cm =650 ##$$a Makanan Ternak =700 ##$$a AAK =850 ##$$a NBPNMAT